Expresiones artísticas entre Europa y América /
Distintas expresiones artísticas como representantes de las ideologías, los intereses y las problemáticas propias de cada época. Diferentes momentos históricos abordados desde el arte como sistema de representación.
Guardado en:
| Autor Principal: | |
|---|---|
| Autor Corporativo: | |
| Otros Autores: | |
| Formato: | |
| Publicado: |
Argentina,
2009
|
| Series: | Horizontes. Ciencias Sociales
|
| Materias: | |
| Acceso en línea: | https://www.educ.ar/recursos/50744/expresiones-artisticas-entre-europa-y-america |
| Etiquetas: |
Agregar Etiqueta
Sin Etiquetas, Sea el primero en etiquetar este registro!
|
| LEADER | 01315ngm a22003375g 4500 | ||
|---|---|---|---|
| 001 | CEM.cems023141 | ||
| 008 | 130507s2009##################0###0#####d | ||
| 005 | 20241216151612.0 | ||
| 245 | 1 | 0 | |a Expresiones artísticas entre Europa y América / |c Dalmiro Saenz. |
| 260 | |a Argentina, |c 2009 | ||
| 300 | |a 26'. | ||
| 490 | 0 | |a Horizontes. Ciencias Sociales | |
| 500 | |a Consultar en ventanilla. | ||
| 520 | |a Distintas expresiones artísticas como representantes de las ideologías, los intereses y las problemáticas propias de cada época. Diferentes momentos históricos abordados desde el arte como sistema de representación. | ||
| 538 | |a Soporte: DVD - Color: Si - Grabación DRD | ||
| 590 | |a Identificación anterior registrada en SIABUC: DVD Nº46 | ||
| 100 | 1 | |a Saenz, Dalmiro | |
| 700 | 1 | |a Conducción: Ernestina País. | |
| 710 | 2 | |a Canal Encuentro. | |
| 082 | 3 | 0 | |/ SAE-2 |
| 653 | |a ARTE | ||
| 653 | |a ESTÉTICA | ||
| 653 | |a HISTORIA | ||
| 653 | |a HISTORIA DEL ARTE | ||
| 653 | |a AMÉRICA | ||
| 653 | |a ARTE PRECOLOMBINO | ||
| 653 | |a NIVEL SECUNDARIO | ||
| 653 | |a NIVEL PRIMARIO | ||
| 653 | |a SERIE DE TELEVISIÓN | ||
| 856 | |u https://www.educ.ar/recursos/50744/expresiones-artisticas-entre-europa-y-america | ||
| 859 | |a CEMS |b BIB. CEMS - Depto. Recursos Didacticos |h 300 |i SAE-2 |k DRD |p 1784.13 |t Ej.1 | ||
